000 00391nam a22001457a 4500
020 _qHB.
040 _cFIZZA ISHAQ
082 _a423.1
_bMER
100 _aWEBSTER,MERRIAM.
_9131955
245 _aWEBSTER'S DICTIONARY OF SYNONYMS /
_cMERRIAM WEBSTER,
250 _a1st ED.
260 _aNEW YORK ;
_bG.& C.MERRIAM CO.PUBLISHERS,
_c1942.
300 _a907 P. ;
_c10.1X7.1IN
942 _2ddc
_cBK
999 _c617372
_d617372